| 000 | 00494nam a2200169Ia 4500 | ||
|---|---|---|---|
| 999 |
_c6781 _d6781 |
||
| 003 | OSt | ||
| 005 | 20200226152703.0 | ||
| 008 | 190216s9999||||xx |||||||||||||| ||und|| | ||
| 022 | _28127204595 | ||
| 040 | _coclc | ||
| 082 |
_a658.3 _bGUP/H |
||
| 100 |
_a Gupta, Shashi K _91007 |
||
| 245 | 0 |
_aHuman Resource Management / _cShashi K Gupta, Rosy Joshi |
|
| 260 |
_bKalyani Publishers, _aNew Delhi: _c2002. |
||
| 300 | _a461p | ||
| 942 |
_cBK _2ddc _h658.3 _iGUP/H _k658.3 _mGUP/H |
||